| 000 | 01161nam a2200217 a 4500 | ||
|---|---|---|---|
| 001 | 000902406 | ||
| 003 | AM-YeHGA | ||
| 005 | 20250617145512.0 | ||
| 008 | 120626s1974 ru r 000 0 rus d | ||
| 040 | _aAM-YeHGA | ||
| 041 | 0 | _arus | |
| 245 | 0 | 0 |
_aСелекция и семеноводство овощных культур / _cВАСХНИЛ; ВНИИ селекции и семеноводства овощных культур; Редкол.: П.Ф. Сокол и др. |
| 260 |
_aМ. : _bРоссельхозиздат, _c1974. |
||
| 300 |
_aтом ; _c22 см. |
||
| 505 | 1 | 0 |
_gТом 1 (1974, 175 с., табл.) _gТом 2 (1974, 160 с., табл., рис.) |
| 650 | 1 | 4 | _aОвощеводство, декоративное садоводство и цветоводство |
| 700 | 1 |
_aСокол, П.Ф. _eред. _4edt |
|
| 710 | 2 | _aВсесоюзная академия сельcкохозяйственных наук им. В.И. Ленина | |
| 710 | 2 | _aВсесоюзный научно-исследовательский институт селекции и семеноводства овощных культур | |
| 090 | _c314862 | ||
| 999 |
_c313144 _d313144 |
||